Second symposium of international society of posturography 18th-21st September 1973 Smolenice - Czechoslovakia
| Corporate Author: | |
|---|---|
| Format: | Conference Proceeding Book |
| Language: | English Russian French |
| PhysicalDescription: | 66 s. 25 cm |
| Published: |
Bratislava
Slovak Academy of Sciences
1973
|
| Edition: | [1st ed.] |
| Subjects: |
MARC
| LEADER | 00000nam a2200000 a 4500 | ||
|---|---|---|---|
| 001 | vtls008697730 | ||
| 003 | SK-MaSNL | ||
| 005 | 20260301205514.0 | ||
| 008 | 230403s1973 xo f a 100 0 eng | ||
| 020 | |q (brož.) | ||
| 035 | |a 4874067A-FA51-4558-B8CE-B94B9A85B689 | ||
| 035 | |a urn:nbn:sk:snk-amjuqp | ||
| 035 | |a urn:nbn:sk:snk-am007yoy | ||
| 040 | |a SNK |b slo |c SNK |e AACR2 | ||
| 041 | 0 | |a eng |a rus |a fre | |
| 044 | |a xo |c SK | ||
| 072 | 7 | |a 612 |x Fyziológia človeka a porovnávacia fyziológia |2 konspekt | |
| 080 | |a 612 |2 2001 | ||
| 080 | |a 611.71/.75 |2 2001 | ||
| 080 | |a 572.511 |2 2001 | ||
| 080 | |a (062.534) |2 2001 | ||
| 080 | |a (048.3) |2 2001 | ||
| 111 | 2 | |a Symposium of international society of posturography |n (2. : |d 1973 : |c Smolenice, Slovensko) |9 591712 | |
| 245 | 0 | 0 | |a Second symposium of international society of posturography |b 18th-21st September 1973 Smolenice - Czechoslovakia |
| 250 | |a [1st ed.] | ||
| 260 | |a Bratislava |b Slovak Academy of Sciences |c 1973 | ||
| 300 | |a 66 s. |c 25 cm | ||
| 546 | |a Čiast. text rus., franc. | ||
| 650 | 0 | 7 | |a fyziológia človeka |2 SNKPH |9 1098 |
| 650 | 0 | 7 | |a pohybové ústrojenstvo |2 SNKPH |9 67465 |
| 650 | 0 | 7 | |a držanie tela |2 SNKPH |9 1691 |
| 655 | 7 | |a zborníky konferencií |2 SNKPH |9 70153 | |
| 655 | 7 | |a abstrakty |2 SNKPH |9 22516 | |
| 852 | |a Slovenská národná knižnica | ||
| 954 | |a odborná, vedecká literatúra cudzojazyčná (svetová) |2 lita | ||
| 958 | |a OND | ||
| 958 | |a EUIPO | ||
| 999 | |c 910365 |d 912295 | ||
| 952 | |a SNK |b SNK |y PREZ |7 0 |p 17A0474900 |o snkSC 123618 |i snk2006/9036 |8 1 |0 0 |1 0 |4 0 |d 2006-05-03 |f 1 |l 0 |r 2025-06-05 00:00:00 |w 2026-02-24 | ||


